| 000 | 00843nam a2200229 a 4500 | ||
|---|---|---|---|
| 001 | 000027589 | ||
| 005 | 20240412074253.0 | ||
| 008 | 110401s2008 dr 000 0 spa d | ||
| 020 | _a9789993462668 | ||
| 040 |
_aDO-SdBNP _bspa _cBNPHU |
||
| 082 |
_aRD861.44 _bM516f, 2008 |
||
| 100 | 1 |
_aMejía Baldera, Freddy Ant., _d1942 - _925484 |
|
| 245 | 1 | 0 |
_aLa flor del dolor / _cFreddy Ant. Mejía Baldera; prólogo José Alejandro Salcedo López. |
| 250 | _a3a ed. | ||
| 260 |
_aSanto Domingo : _bUniversidad Autónoma de Santo Domingo, _c2008. _fEditora Universitaria de la UASD, |
||
| 300 |
_a181, [1] p. ; _c21 cm. |
||
| 490 | 1 |
_aLiteratura y sociedad _v67 |
|
| 650 | 0 |
_aPoesía dominicana _966 |
|
| 650 | 0 |
_aLiteratura dominicana. _967 |
|
| 700 | 1 |
_aSalcedo López, José Alejandro, _epról. _930215 |
|
| 830 | 0 |
_aLiteratura y sociedad _n67 _954684 |
|
| 999 |
_c27081 _d27081 |
||